| 000 | 00828cam a2200277Ia 4500 | ||
|---|---|---|---|
| 020 | _a002100126X (level 3) | ||
| 020 | _a9780021001262 (level 3) | ||
| 020 | _a0021001278 (level 4) | ||
| 020 | _a9780021001279 (level 4) | ||
| 020 | _a0021001286 (level 5) | ||
| 020 | _a9780021001286 (level 5) | ||
| 020 | _a0021001294 (level 6) | ||
| 020 | _a9780021001293 (level 6) | ||
| 040 | _cGZE | ||
| 082 | _a372 MCG 2002 A013 Or. | ||
| 245 | 0 | 0 | _aMcGraw-Hill mathematics. |
| 246 | 3 | 0 | _aMathematics |
| 260 |
_aNew York, N.Y. : _bMcGraw-Hill School Division, _c2002. |
||
| 300 |
_a7 v. : _bcol. ill. ; _c29 cm. |
||
| 500 | _aSenior program authors, Gunnar Carlsson and Ralph L. Cohen. | ||
| 650 | 0 | _aMathematics | |
| 700 | 1 | _aCarlsson, G. | |
| 700 | 1 | _aCohen, Ralph L., | |
| 710 | 2 | _aMcGraw-Hill Companies. | |
| 942 | _cEK | ||
| 999 |
_c13023 _d13023 |
||